[Event "46th GRE-chT Premier 2018"]
[Site "Rio Achaia"]
[Date "2018.07.11"]
[Round "3"]
[White "Georgakopoulos, Nikolaos K"]
[Black "Stamatis, Ioannis"]
[Result "1-0"]
[WhiteElo "2033"]
[BlackElo "1777"]
[Annotator "NA"]
[PlyCount "145"]
[EventDate "2018.07.10"]
[EventType "team-tourn"]
[EventCountry "GRE"]
[SourceTitle "playchess.com"]
[Source "ChessBase"]
[SourceQuality "1"]
[TimeControl "40/5400+30:1800+30"]

1. e4 {[%emt 0:00:00]} c6 {[%emt 0:00:00]} 2. d4 {[%emt 0:00:05]} d5 {[%emt 0:00:00]} 3. e5 {[%emt 0:00:14]} Bf5 {[%emt 0:00:00]} 4. h4 {[%emt 0:00:53]} h5 {[%emt 0:00:05]} 5. Bd3 {[%emt 0:00:08]} Bxd3 {[%emt 0:00:12]} 6. Qxd3 {[%emt 0:00:11]} e6 {[%emt 0:00:05]} 7. Nf3 {[%emt 0:01:38]} Nd7 {[%emt 0:00:39] B12: Caro-Kann: Advance Variation} 8. Bg5 {[%emt 0:02:59]} Ne7 {[%emt 0:05:24]} 9. O-O {[%emt 0:03:50]} Qb6 {[%emt 0:00:17]} 10. Nbd2 {[%emt 0:14:55]} Nf5 {[%emt 0:00:51]} 11. c4 {[%emt 0:03:00]} Qa6 {[%emt 0:02:02]} 12. a3 {[%emt 0:18:45]} (12. Qc3 Nb6 13. b3 Qa3 14. Qc2 Be7 {1-0 (39) Anton Guijarro,D (2627)-Le,Q (2718) Almaty 2016}) 12... Nb6 {[%emt 0:07:55]} 13. b3 {[%emt 0:03:59]} Be7 {[%emt 0:01:42]} 14. Bxe7 {[%emt 0:09:49]} Nxe7 {[%emt 0:00:21]} 15. Qc2 $146 {[%emt 0:01:50]} Nf5 {[%emt 0:02:21]} 16. c5 {[%emt 0:02:24]} Nd7 {[%emt 0:03:54]} 17. b4 {[%emt 0:00:36]} b6 {[%emt 0:13:11]} 18. Nb3 {[%emt 0:02:00]} Qa4 {[%emt 0:05:40]} 19. Qc3 {[%emt 0:03:08]} O-O {[%emt 0:23:35]} 20. Rfc1 {[%emt 0:09:03]} Rfc8 {[%emt 0:00:37]} 21. g3 {[%emt 0:01:06]} g6 {[%emt 0:04:32]} 22. Ne1 {[%emt 0:06:26]} bxc5 {[%emt 0:07:11]} 23. dxc5 {[%emt 0:00:15]} Rd8 {[%emt 0:04:09]} 24. Nf3 {[%emt 0:07:57]} Rab8 {[%emt 0:03:05]} 25. Re1 {[%emt 0:03:10]} Nf8 {[%emt 0:02:58]} 26. Nfd4 {[%emt 0:03:42]} Nxd4 {[%emt 0:01:11]} 27. Nxd4 {[%emt 0:00:01]} Rdc8 {[%emt 0:01:10]} 28. Nb3 {[%emt 0:01:19]} Nd7 {[%emt 0:01:38]} 29. Na5 {[%emt 0:00:26]} a6 {[%emt 0:03:32]} 30. Reb1 {[%emt 0:00:37]} Rb5 {[%emt 0:03:42]} 31. Nb3 {[%emt 0:00:27]} Rbb8 {[%emt 0:00:10]} 32. Re1 {[%emt 0:00:35]} Nf8 {[%emt 0:01:26]} 33. Kg2 {[%emt 0:00:18]} Nd7 {[%emt 0:00:41]} 34. Qe3 {[%emt 0:00:13]} Kg7 {[%emt 0:02:05]} 35. Nd4 {[%emt 0:00:47]} a5 {[%emt 0:00:35]} 36. Reb1 {[%emt 0:00:40]} Rb7 {[%emt 0:00:30]} 37. b5 {[%emt 0:00:30]} Nxc5 {[%emt 0:00:28]} 38. bxc6 {[%emt 0:00:30]} Rxb1 {[%emt 0:00:22]} 39. Rxb1 {[%emt 0:00:11]} Rxc6 {[%emt 0:00:41]} 40. Nxc6 {[%emt 0:00:00]} Qxc6 {[%emt 0:00:00]} 41. Qd4 {[%emt 0:07:12]} Ne4 {[%emt 0:01:30]} 42. a4 {[%emt 0:09:05]} Qc3 {[%emt 0:09:04]} 43. Qxc3 {[%emt 0:04:16]} Nxc3 {[%emt 0:00:03]} 44. Ra1 {[%emt 0:01:37]} Kf8 {[%emt 0:06:23]} 45. Kf1 {[%emt 0:04:53]} Ke7 {[%emt 0:00:35]} 46. Ke1 {[%emt 0:00:34]} f6 {[%emt 0:01:10]} 47. exf6+ {[%emt 0:01:43]} Kxf6 {[%emt 0:00:02]} 48. Kd2 {[%emt 0:01:14]} d4 {[%emt 0:02:45]} 49. Kd3 {[%emt 0:00:39]} e5 {[%emt 0:05:13]} 50. f4 {[%emt 0:01:25]} Kf5 {[%emt 0:01:35]} 51. fxe5 {[%emt 0:01:10]} Kxe5 {[%emt 0:00:02]} 52. Re1+ {[%emt 0:01:29]} (52. Kc4 $142) 52... Kd5 {[%emt 0:00:14]} 53. Re8 {[%emt 0:01:11]} Nxa4 {[%emt 0:00:24]} 54. Rd8+ {[%emt 0:00:25]} Ke5 {[%emt 0:00:16]} 55. Re8+ {[%emt 0:01:08]} Kd5 {[%emt 0:00:09]} 56. Rg8 {[%emt 0:00:46]} Nc5+ {[%emt 0:00:34]} 57. Ke2 {[%emt 0:00:22]} d3+ {[%emt 0:03:38]} 58. Ke3 {[%emt 0:00:15]} Kc4 $2 {[%emt 0:02:45]} (58... a4 $11) 59. Rxg6 {[%emt 0:00:35]} a4 {[%emt 0:00:42]} 60. g4 {[%emt 0:00:26]} hxg4 {[%emt 0:02:16]} 61. Rxg4+ {[%emt 0:00:05]} Kc3 {[%emt 0:00:49]} 62. h5 {[%emt 0:00:23]} d2 {[%emt 0:01:04]} 63. Rd4 {[%emt 0:01:08]} Nb3 {[%emt 0:00:36]} 64. Rd8 {[%emt 0:00:30]} Kc2 {[%emt 0:00:40]} 65. h6 {[%emt 0:00:43]} a3 {[%emt 0:00:30]} 66. h7 {[%emt 0:00:20]} a2 {[%emt 0:00:29]} 67. h8=Q {[%emt 0:00:19]} a1=Q {[%emt 0:00:11]} 68. Rxd2+ {[%emt 0:00:16]} Nxd2 {[%emt 0:00:47]} 69. Qxa1 {[%emt 0:00:06]} Nc4+ {[%emt 0:00:27]} 70. Kd4 {[%emt 0:00:08]} Nd2 {[%emt 0:00:06]} 71. Qa2+ {[%emt 0:00:33]} Kc1 {[%emt 0:00:11]} 72. Kd3 {[%emt 0:00:07]} Nb3 {[%emt 0:00:22]} 73. Qc2# {[%emt 0:00:07]} 1-0

[Event "46th GRE-chT Premier 2018"]
[Site "Rio Achaia"]
[Date "2018.07.11"]
[Round "3"]
[White "Abelakiotis, Stavros"]
[Black "Alexakis, Dimitris"]
[Result "0-1"]
[WhiteElo "2029"]
[BlackElo "2232"]
[Annotator "NA"]
[PlyCount "120"]
[EventDate "2018.07.10"]
[EventType "team-tourn"]
[EventCountry "GRE"]
[SourceTitle "playchess.com"]
[Source "ChessBase"]
[SourceQuality "1"]
[TimeControl "40/5400+30:1800+30"]

1. e4 c5 {[%emt 0:06:18]} 2. Nf3 {[%emt 0:00:18]} Nc6 {[%emt 0:00:04]} 3. Bb5 {[%emt 0:00:48]} g6 {[%emt 0:00:34]} 4. Bxc6 {[%emt 0:00:09]} bxc6 {[%emt 0:00:04]} 5. O-O {[%emt 0:00:19]} Bg7 {[%emt 0:00:07]} 6. Re1 {[%emt 0:00:44]} Rb8 {[%emt 0:00:07] B31: Sicilian: 2...Nc6 3 Bb5 g6} (6... Nh6 7. c3 O-O 8. d4 cxd4 9. cxd4 d5 10. e5 f6 11. Qc2 Bg4 12. Nbd2 Qb6 13. h3 fxe5 14. hxg4 Nxg4 15. Nc4 dxc4 16. Qxc4+ Kh8 17. Qe6 Rf5 {½-½ (64) Vidit,S (2707)-Gelfand,B (2695) Poikovsky 2018}) 7. Nc3 {[%emt 0:04:42]} e5 {[%emt 0:00:24]} 8. d3 {[%emt 0:02:51]} Ne7 {[%emt 0:00:48]} 9. Rb1 {[%emt 0:06:08]} O-O $146 {[%emt 0:00:58]} ({Predecessor:} 9... d6 10. Be3 O-O 11. Qd2 f5 12. Bh6 f4 13. Bxg7 Kxg7 14. Kh1 {½-½ (39) Abelakiotis,S (1861)-Spyropoulos,N (2229) Athens 2017}) 10. a3 {[%emt 0:05:11]} a5 {[%emt 0:00:42]} 11. Nd2 {[%emt 0:07:30]} f5 {[%emt 0:10:39]} 12. exf5 {[%emt 0:03:52]} gxf5 {[%emt 0:11:00]} 13. Nc4 {[%emt 0:04:09]} Qc7 {[%emt 0:02:45]} 14. Na4 {[%emt 0:13:47]} d5 {[%emt 0:12:22]} 15. Nd2 {[%emt 0:00:37]} f4 {[%emt 0:05:35]} 16. Nxc5 {[%emt 0:12:25]} Ng6 {[%emt 0:17:04]} 17. Kh1 {[%emt 0:10:53]} f3 {[%emt 0:06:09]} 18. gxf3 {[%emt 0:08:24]} Qe7 {[%emt 0:03:18]} 19. b4 {[%emt 0:01:48]} Qh4 {[%emt 0:00:19]} 20. Rg1 {[%emt 0:01:45]} Bh3 {[%emt 0:03:41]} 21. Rg3 {[%emt 0:04:32]} axb4 {[%emt 0:04:42]} 22. axb4 {[%emt 0:00:29]} Kh8 {[%emt 0:04:25]} 23. Qg1 {[%emt 0:05:21]} Bf6 {[%emt 0:00:57]} 24. Rxh3 {[%emt 0:03:30]} Qxh3 {[%emt 0:00:09]} 25. Qg4 {[%emt 0:00:06]} Nf4 {[%emt 0:01:58]} 26. Ba3 {[%emt 0:02:10]} Rg8 {[%emt 0:00:17]} 27. Qxh3 {[%emt 0:00:24]} Nxh3 {[%emt 0:00:03]} 28. Rf1 {[%emt 0:00:28]} Ra8 {[%emt 0:04:14]} 29. Nd7 {[%emt 0:00:36]} Bh4 {[%emt 0:02:22]} 30. Bb2 {[%emt 0:00:28]} h5 {[%emt 0:01:19]} 31. Bxe5+ {[%emt 0:00:33]} Kh7 {[%emt 0:00:08]} 32. Bg3 {[%emt 0:00:30]} Bg5 {[%emt 0:00:36]} 33. Nb3 {[%emt 0:00:31]} Rg7 {[%emt 0:00:27]} 34. Ndc5 {[%emt 0:00:29]} Re8 {[%emt 0:00:43]} 35. Nd4 {[%emt 0:00:30]} h4 {[%emt 0:00:46]} 36. Kg2 {[%emt 0:00:30]} hxg3 {[%emt 0:00:49]} 37. fxg3 {[%emt 0:00:31]} Be3 {[%emt 0:00:47]} 38. Nce6 {[%emt 0:00:30]} Nf4+ {[%emt 0:00:10]} 39. Nxf4 {[%emt 0:00:05]} Bxd4 {[%emt 0:00:27]} 40. Rb1 {[%emt 0:00:00]} Be5 {[%emt 0:00:00]} 41. Ne2 {[%emt 0:01:22]} Rb7 {[%emt 0:01:50]} 42. Kf2 {[%emt 0:00:28]} Bd6 {[%emt 0:04:01]} 43. c3 {[%emt 0:00:31]} Ra7 {[%emt 0:06:15]} 44. Rb2 {[%emt 0:05:07]} Ra1 {[%emt 0:13:18]} 45. f4 {[%emt 0:02:09]} Rd1 {[%emt 0:00:29]} 46. d4 {[%emt 0:01:01]} Kg6 {[%emt 0:00:19]} 47. Rc2 {[%emt 0:09:43]} Kf5 {[%emt 0:00:44]} 48. Kf3 {[%emt 0:01:29]} Rd3+ {[%emt 0:05:00]} 49. Kf2 {[%emt 0:00:08]} Ree3 {[%emt 0:00:41]} 50. c4 {[%emt 0:03:57]} Bxb4 {[%emt 0:00:28]} 51. cxd5 {[%emt 0:00:10]} cxd5 {[%emt 0:00:08]} 52. Rc8 {[%emt 0:00:27]} Re6 {[%emt 0:01:04]} 53. Rd8 {[%emt 0:00:38]} Ke4 {[%emt 0:01:12]} 54. f5 {[%emt 0:01:31]} Rf3+ {[%emt 0:00:38]} 55. Kg2 {[%emt 0:00:04]} Rxf5 {[%emt 0:00:12]} 56. g4 {[%emt 0:01:19]} Rf8 {[%emt 0:00:21]} 57. Rd7 {[%emt 0:00:21]} Re7 {[%emt 0:01:02]} 58. Ng3+ $19 {[%emt 0:01:21]} Kxd4 {[%emt 0:00:14]} 59. Nf5+ {[%emt 0:00:54]} Rxf5 {[%emt 0:00:07]} 60. Rxe7 {[%emt 0:00:08]} Bxe7 {[%emt 0:00:10]} 0-1

[Event "46th GRE-chT Premier 2018"]
[Site "Rio Achaia"]
[Date "2018.07.11"]
[Round "3"]
[White "Karamalis, Georgios"]
[Black "Czarnota, Pawel"]
[Result "0-1"]
[WhiteElo "2024"]
[BlackElo "2549"]
[Annotator "TA"]
[PlyCount "186"]
[EventDate "2018.07.10"]
[EventType "team-tourn"]
[EventCountry "GRE"]
[SourceTitle "playchess.com"]
[Source "ChessBase"]
[SourceQuality "1"]

{[%evp 15,186,-22,-11,-24,-10,-17,-21,-49,0,0,0,0,0,-47,-25,-74,-102,-157,-147,-125,-139,-176,-176,-179,-150,-216,-194,-329,-215,-201,-206,-217,-189,-221,-83,-84,-91,-245,-108,-246,-243,-349,-281,-568,-431,-541,-391,-401,-401,-391,-390,-371,-378,-363,-366,-346,-4,-236,8,8,8,8,15,22,31,0,46,8,8,8,8,0,0,-12,-12,-12,-12,-20,-22,-157,-7,-7,0,0,0,0,0,0,0,0,0,0,0,0,0,0,0,-8,0,-8,0,0,0,0,0,0,0,0,0,0,0,-8,-8,-8,0,0,0,0,0,-14,-14,-26,-26,-33,-12,-62,-55,-55,-55,-62,-62,-62,-38,-40,-40,-55,-8,-15,0,-62,-69,-69,-62,-62,-69,-84,-84,-84,-84,-84,-84,-84,-84,-84,-84,-84,-84,-84,-84,-84,-84,-29980,-29981,-29987,-29988,-29988,-29989,-29989,-29990,-29990,-29991,-29991,-29992]} 1. e4 c5 2. Nf3 e6 3. d4 cxd4 4. Nxd4 a6 5. Nc3 b5 6. Be3 Bb7 7. a3 d6 8. Be2 Nf6 {LiveBook: 4 Games} 9. f4 $146 {B84: Sicilian Scheveningen: 6 Be2 a6, lines without early Be3} ({Predecessor:} 9. f3 Be7 10. Qd2 Nbd7 11. O-O-O Rc8 12. g4 Nb6 13. g5 Nfd7 14. f4 Nc5 15. f5 e5 16. f6 Nxe4 17. fxe7 {½-½ (64) Ding,Y (2427)-Javakhishvili,L (2464) Wuxi 2013}) 9... Nxe4 10. Nxe4 Bxe4 11. O-O {The position is equal.} Qd7 12. f5 $1 {[%cal Rf5e6]} e5 13. f6 gxf6 14. Nf5 Qc6 15. Ng3 Bxg2 ({Reject} 15... Bxc2 $6 16. Qd2 $11) 16. Rxf6 (16. Rc1 $142) 16... Nd7 $17 17. Rf2 Bd5 18. b3 Rg8 19. c4 bxc4 20. bxc4 (20. Rc1 $17) 20... Bxc4 $19 21. Bf3 (21. Bxc4 {was necessary.} Qxc4 22. Qf3) 21... e4 22. Bh5 Ne5 23. Rc1 Rc8 24. Bd4 Rc7 (24... Bh6 $19 25. Rc3 Nf3+ $1 {[%mdl 512]} 26. Kh1 Qd5 27. Nxe4 Ng5) 25. Bxe5 $17 dxe5 26. Rfc2 $2 (26. Be2 $17 {was the only defense.} e3 27. Rf1 Bxe2 28. Rxc6 Bxd1 29. Rxc7) 26... Rd7 {[#]} (26... Bxa3 27. Rxc4 Qb6+ 28. Kh1 $11) (26... Qe6 $1 $19 {and Black stays clearly on top.} 27. Kh1 Bxa3) 27. Qe1 (27. Bxf7+ $1 $17 {[%mdl 512]} Ke7 (27... Bxf7 28. Rxc6) 28. Qxd7+ Kxd7 29. Rxc4 Qb6+ 30. Kh1 Rxg3 31. Rc7+ $1 {[%mdl 512]} Qxc7 32. Rxc7+ Kxc7 33. hxg3) 27... Rd4 $19 {[%cal Bd7d4,Bd4c4,Bc4c2][%mdl 32]} ({Inferior is} 27... Bxa3 28. Rxc4 Qb6+ 29. Kh1 $11) 28. Kg2 (28. Qf2 {might work better.} Rg7 29. Qf5) 28... Bxa3 {[#]} 29. Rb1 $2 (29. Bxf7+ $1 {[%mdl 512]} Kxf7 (29... Bxf7 30. Rxc6) 30. Rxc4 $1 {[%mdl 512]}) 29... Ke7 30. Qa5 Bc5 31. Rb7+ Kd6 ({Weaker is} 31... Qxb7 32. Qxc5+ Ke6 33. Rxc4 $19) 32. Rxc4 Rxc4 33. Rxf7 Rc2+ 34. Kh3 {aiming for Rf6+.} Qc8+ 35. Nf5+ Kd5 $2 (35... Ke6 $1 $19 36. Rc7 Qd8 37. Ng7+ Rxg7 $1 {[%mdl 512]} 38. Qxa6+ Kf5 39. Rxg7 Qd3+ 40. Qxd3 exd3 41. Rf7+ Ke6 42. Rxh7 e4 43. Rh6+ Ke5) 36. Bd1 $2 (36. Rf6 $1 $11 {and White has nothing to worry.} Kc4 37. Bf7+ Kd3 38. Be6) 36... Qd8 $2 (36... Rb2 $19 37. Rf6 Qb7 38. Rd6+ Kc4) 37. Qxd8+ $11 Rxd8 38. Bxc2 {With the idea Rc7.} e3 39. Ng3 Kc4 40. Rf1 h6 41. Ra1 Rd2 42. Bg6 Bd4 43. Rc1+ Kb4 44. Nf1 Rb2 45. Re1 a5 46. Kg4 $1 Rg2+ 47. Kf5 (47. Kh5 $1 $11 {remains equal.}) 47... a4 (47... Rg5+ $17 48. Kf6 e4+ 49. Kf7 Rg1 50. Nxe3 Rxe1 51. Nc2+ Kc3 52. Nxe1 e3) 48. Nxe3 Rxh2 49. Ng4 Rg2 50. Nxe5 Rg5+ 51. Kf6 a3 52. Bf7 Kc3 53. Re4 Rg2 54. Kf5 a2 55. Bxa2 $1 Rxa2 {[%mdl 4096] Endgame KRB-KRN} 56. Nf3 Bf2 57. Kg4 Kd3 58. Re6 Ra4+ 59. Kh5 Be3 60. Ne5+ Kc3 61. Ng4 Ra5+ 62. Kh4 Bg5+ 63. Kh5 Bf4+ 64. Kh4 $1 h5 {[%cal Bh6h5,Bh5h4,Bh4h3][%mdl 32]} 65. Nf2 Bg5+ 66. Kh3 Kd4 67. Re4+ Kd5 68. Re2 Ra3+ 69. Kg2 h4 {next ...Rg3+ is good for Black.} 70. Ne4 h3+ 71. Kh1 Bf4 72. Nf6+ Kd6 {( -> ...Ra1+)} 73. Re1 Be5 74. Ng4 Bg3 75. Rf1 Ra2 76. Rg1 Ra3 77. Rd1+ (77. Rf1 $11) 77... Ke6 $15 78. Rf1 Ra2 79. Rg1 Bf4 {Threatens to win with ...Kf5.} 80. Re1+ Kf5 81. Ne3+ Kg5 {White must now prevent ...Rh2+.} 82. Rg1+ Kh5 {[%csl Gf4][%cal Ra2h2]} 83. Nf1 Kh4 {And now ...Rf2 would win.} 84. Rg7 Rf2 85. Kg1 Re2 86. Rd7 Kg4 {Hoping for ...Rg2+.} 87. Rh7 Be5 {...Bd4+ is the strong threat.} 88. Kh1 $2 {[%mdl 8192]} (88. Rd7 $17) 88... Re1 {[%cal Re1f1] Black mates.} 89. Rf7 {[#]} Bf4 $1 {[%cal Re1f1]} 90. Kg1 h2+ 91. Kg2 {[#]} Rxf1 $1 {[%csl Gf1][%cal Rh2h1][%mdl 512]} 92. Rg7+ {[#]} (92. Kxf1 h1=Q+) 92... Kf5 $1 {[%csl Gf1][%cal Rh2h1]} 93. Rh7 Rg1+ {Precision: White = 49%, Black = 53%.} 0-1

[Event "46th GRE-chT Premier 2018"]
[Site "Rio Achaia"]
[Date "2018.07.11"]
[Round "3"]
[White "Petrakis, Stylianos"]
[Black "Gkikas, Vasilios"]
[Result "1/2-1/2"]
[WhiteElo "2024"]
[BlackElo "1892"]
[Annotator "NA"]
[PlyCount "80"]
[EventDate "2018.07.10"]
[EventType "team-tourn"]
[EventCountry "GRE"]
[SourceTitle "playchess.com"]
[Source "ChessBase"]
[SourceQuality "1"]
[TimeControl "40/5400+30:1800+30"]

1. e4 {[%emt 0:00:00]} e6 {[%emt 0:02:35]} 2. d4 {[%emt 0:00:00]} d5 {[%emt 0:00:36]} 3. Nd2 {[%emt 0:00:47]} c5 {[%emt 0:01:01]} 4. exd5 {[%emt 0:00:45]} Qxd5 {[%emt 0:00:13]} 5. dxc5 {[%emt 0:04:39]} Qxc5 {[%emt 0:05:48]} 6. Ngf3 {[%emt 0:03:04]} Nf6 {[%emt 0:00:14]} 7. Bd3 {[%emt 0:01:30]} Be7 {[%emt 0:00:58]} 8. O-O {[%emt 0:03:22]} O-O {[%emt 0:01:12]} 9. Qe2 {[%emt 0:01:33]} Qc7 {[%emt 0:03:51]} 10. Nc4 {[%emt 0:04:50]} Nbd7 {[%emt 0:03:50]} 11. c3 {[%emt 0:05:44]} b6 {[%emt 0:04:45]} 12. Nce5 {[%emt 0:17:43]} Nxe5 {[%emt 0:01:16]} 13. Nxe5 {[%emt 0:01:43]} Bb7 {[%emt 0:00:10]} 14. Bf4 {[%emt 0:01:47]} Bd6 {[%emt 0:01:49]} 15. Bg3 {[%emt 0:00:31]} Rad8 {[%emt 0:06:26]} 16. Rad1 {[%emt 0:01:45]} Bd5 {[%emt 0:20:07]} 17. c4 {[%emt 0:07:13]} Bb7 {[%emt 0:00:52]} 18. Bb1 {[%emt 0:04:44]} Qc5 {[%emt 0:07:23]} 19. b3 {[%emt 0:08:44]} Bc7 {[%emt 0:02:36]} 20. Rfe1 {[%emt 0:10:54]} Rxd1 {[%emt 0:08:56]} 21. Rxd1 {[%emt 0:00:21]} Rd8 {[%emt 0:01:14]} 22. Rxd8+ {[%emt 0:01:35]} Bxd8 {[%emt 0:00:07]} 23. Qd3 {[%emt 0:02:28]} Qc8 {[%emt 0:06:05]} 24. f3 {[%emt 0:03:10]} Be7 {[%emt 0:03:20]} 25. Ng4 {[%emt 0:06:55]} g6 {[%emt 0:02:55]} 26. Nf2 {[%emt 0:03:00]} Nd7 {[%emt 0:08:21]} 27. Kf1 {[%emt 0:01:28]} Nc5 {[%emt 0:00:19]} 28. Qc3 {[%emt 0:01:27]} Qd8 {[%emt 0:02:09]} 29. Ke2 {[%emt 0:01:18]} Bf6 {[%emt 0:00:42]} 30. Be5 {[%emt 0:00:10]} Bxe5 {[%emt 0:00:52]} 31. Qxe5 {[%emt 0:00:02]} f6 {[%emt 0:00:20]} 32. Qe3 {[%emt 0:01:12]} e5 {[%emt 0:00:29]} 33. Be4 {[%emt 0:01:32]} Bxe4 {[%emt 0:03:08]} 34. Nxe4 {[%emt 0:00:04]} Ne6 {[%emt 0:00:14]} 35. Nc3 {[%emt 0:00:54]} Nf4+ {[%emt 0:01:01]} 36. Kf2 {[%emt 0:00:06]} Kg7 {[%emt 0:00:38]} 37. g3 {[%emt 0:00:35]} Ne6 {[%emt 0:00:12]} 38. Nd5 {[%emt 0:00:38]} Qd6 {[%emt 0:00:44]} 39. h4 {[%emt 0:00:43]} Qa3 {[%emt 0:00:51]} 40. Qd2 {[%emt 0:00:00]} Qc5+ {[%emt 0:00:00]} 1/2-1/2

[Event "46th GRE-chT Premier 2018"]
[Site "Rio Achaia"]
[Date "2018.07.11"]
[Round "3"]
[White "Sgouros, Apostolos"]
[Black "Papahristoudis, Anastasios"]
[Result "1-0"]
[WhiteElo "2024"]
[BlackElo "2012"]
[Annotator "NA"]
[PlyCount "71"]
[EventDate "2018.07.10"]
[EventType "team-tourn"]
[EventCountry "GRE"]
[SourceTitle "playchess.com"]
[Source "ChessBase"]
[SourceQuality "1"]
[TimeControl "40/5400+30:1800+30"]

1. d4 {[%emt 0:00:00]} Nf6 {[%emt 0:00:00]} 2. Nf3 {[%emt 0:00:00]} d5 {[%emt 0:00:03]} 3. c4 {[%emt 0:00:44]} e6 {[%emt 0:00:17]} 4. Bg5 {[%emt 0:00:23]} Bb4+ {[%emt 0:02:43]} 5. Nc3 {[%emt 0:01:23]} Nbd7 {[%emt 0:04:00]} 6. e3 {[%emt 0:04:14]} h6 {[%emt 0:01:13]} 7. Bh4 {[%emt 0:01:44]} O-O {[%emt 0:05:01]} 8. Qc2 {[%emt 0:03:18]} c6 {[%emt 0:06:53]} 9. Bd3 {[%emt 0:01:12]} dxc4 {[%emt 0:04:32]} 10. Bxc4 {[%emt 0:00:06]} b5 {[%emt 0:03:48]} 11. Bd3 {[%emt 0:01:00]} a6 {[%emt 0:02:39]} 12. O-O {[%emt 0:00:18]} c5 {[%emt 0:01:10]} 13. a3 {[%emt 0:05:11]} Bxc3 {[%emt 0:08:54]} 14. bxc3 {[%emt 0:00:08]} Bb7 {[%emt 0:02:37]} 15. Ne5 {[%emt 0:06:04]} Qb6 {[%emt 0:02:35]} 16. Nxd7 {[%emt 0:03:34]} Nxd7 {[%emt 0:00:09]} 17. Bh7+ {[%emt 0:00:27]} Kh8 {[%emt 0:00:22]} 18. Be4 {[%emt 0:00:07]} cxd4 {[%emt 0:01:50]} 19. cxd4 {[%emt 0:01:13]} Rfc8 {[%emt 0:02:20]} 20. Qd3 {[%emt 0:00:07]} Rc4 {[%emt 0:01:01]} 21. a4 {[%emt 0:05:04]} Rac8 {[%emt 0:04:29]} 22. Bxb7 {[%emt 0:00:21]} Qxb7 {[%emt 0:00:07]} 23. axb5 {[%emt 0:00:04]} axb5 {[%emt 0:00:44]} 24. Rfb1 {[%emt 0:01:36]} Qc6 {[%emt 0:06:05]} 25. h3 {[%emt 0:01:17]} Nb6 {[%emt 0:05:05]} 26. Be7 {[%emt 0:08:34]} Na4 {[%emt 0:01:24]} 27. Bb4 {[%emt 0:05:11]} Qd5 {[%emt 0:10:35]} 28. Qe2 {[%emt 0:03:11]} Rc2 {[%emt 0:02:07]} 29. Qf3 {[%emt 0:00:27]} Qd7 {[%emt 0:02:13]} 30. Qe4 {[%emt 0:03:23]} R8c4 {[%emt 0:05:21]} 31. Bc5 {[%emt 0:18:22]} Qc7 {[%emt 0:06:31]} 32. g3 {[%emt 0:04:33]} g6 {[%emt 0:01:50]} 33. Qa8+ {[%emt 0:02:57]} Kh7 {[%emt 0:00:58]} 34. Qf8 {[%emt 0:02:06]} Qd7 {[%emt 0:02:43]} 35. Be7 {[%emt 0:02:56]} Rc8 {[%emt 0:00:47]} 36. Qxf7+ {[%emt 0:00:05]} 1-0

[Event "46th GRE-chT Premier 2018"]
[Site "Rio Achaia"]
[Date "2018.07.11"]
[Round "3"]
[White "Chatzieleftheriou, Andreas"]
[Black "Triantos, Konstantinos"]
[Result "1/2-1/2"]
[WhiteElo "2012"]
[BlackElo "2078"]
[Annotator "NA"]
[PlyCount "86"]
[EventDate "2018.07.10"]
[EventType "team-tourn"]
[EventCountry "GRE"]
[SourceTitle "playchess.com"]
[Source "ChessBase"]
[SourceQuality "1"]
[TimeControl "40/5400+30:1800+30"]

1. e4 {[%emt 0:00:00]} c5 {[%emt 0:00:00]} 2. Nf3 {[%emt 0:00:00]} d6 {[%emt 0:00:00]} 3. Bb5+ {[%emt 0:00:00]} Bd7 {[%emt 0:02:41]} 4. Bxd7+ {[%emt 0:00:31]} Qxd7 {[%emt 0:00:04]} 5. c4 {[%emt 0:00:44]} Nc6 {[%emt 0:00:30]} 6. Nc3 {[%emt 0:03:20]} g6 {[%emt 0:07:22]} 7. d4 {[%emt 0:01:13]} cxd4 {[%emt 0:00:09]} 8. Nxd4 {[%emt 0:00:07]} Bg7 {[%emt 0:00:03]} 9. Be3 {[%emt 0:01:07]} Nf6 {[%emt 0:02:48]} 10. f3 {[%emt 0:01:36]} O-O {[%emt 0:00:48]} 11. O-O {[%emt 0:00:38]} Rac8 {[%emt 0:01:56]} 12. b3 {[%emt 0:02:53]} e6 {[%emt 0:02:00]} 13. Rc1 {[%emt 0:10:14]} Rfd8 {[%emt 0:06:05]} 14. Nxc6 {[%emt 0:09:13]} bxc6 {[%emt 0:09:53]} 15. Qd2 {[%emt 0:01:44]} Qb7 {[%emt 0:13:45]} 16. Qf2 {[%emt 0:05:20]} Nd7 {[%emt 0:06:45]} 17. Rfd1 {[%emt 0:10:26]} d5 {[%emt 0:08:33]} 18. Na4 {[%emt 0:09:54]} dxc4 {[%emt 0:04:52]} 19. bxc4 {[%emt 0:02:04]} Qb4 {[%emt 0:01:24]} 20. Qc2 {[%emt 0:01:20]} Ne5 {[%emt 0:06:08]} 21. Bc5 {[%emt 0:10:00]} Rxd1+ {[%emt 0:04:19]} 22. Qxd1 {[%emt 0:00:17]} Qa5 {[%emt 0:00:04]} 23. Bd6 {[%emt 0:08:24]} c5 {[%emt 0:01:12]} 24. f4 {[%emt 0:07:00]} Rd8 {[%emt 0:00:51]} 25. fxe5 {[%emt 0:03:22]} Bxe5 {[%emt 0:00:05]} 26. Bxe5 {[%emt 0:00:36]} Rxd1+ {[%emt 0:00:10]} 27. Rxd1 {[%emt 0:00:01]} f6 {[%emt 0:00:27]} 28. Bxf6 {[%emt 0:01:07]} Qxa4 {[%emt 0:00:04]} 29. Rd8+ {[%emt 0:00:29]} Kf7 {[%emt 0:00:04]} 30. e5 {[%emt 0:00:14]} h5 {[%emt 0:08:26]} 31. h4 {[%emt 0:00:26]} g5 {[%emt 0:05:54]} 32. hxg5 {[%emt 0:00:18]} Qxc4 {[%emt 0:00:28]} 33. Rh8 {[%emt 0:02:54]} Kg6 {[%emt 0:00:04]} 34. Rg8+ {[%emt 0:01:39]} Kf5 {[%emt 0:00:06]} 35. g6 {[%emt 0:00:31]} Qd4+ {[%emt 0:08:37]} 36. Kh2 {[%emt 0:01:48]} Qf4+ {[%emt 0:00:07]} 37. Kg1 {[%emt 0:00:44]} Qe3+ {[%emt 0:01:01]} 38. Kh2 {[%emt 0:00:26]} Qf4+ {[%emt 0:00:29]} 39. Kg1 {[%emt 0:00:07]} Kg4 {[%emt 0:00:18]} 40. Rb8 {[%emt 0:00:00]} Qc1+ {[%emt 0:00:00]} 41. Kh2 {[%emt 0:02:31]} c4 {[%emt 0:06:22]} 42. g7 {[%emt 0:01:29]} Qf4+ {[%emt 0:00:04]} 43. Kg1 {[%emt 0:01:08]} Qc1+ {[%emt 0:00:08] Ra8} 1/2-1/2